| 000 | 00544nam a22001937a 4500 | ||
|---|---|---|---|
| 003 | NUST | ||
| 005 | 20210916114143.0 | ||
| 008 | 210916b ||||| |||| 00| 0 eng d | ||
| 020 | _a978-81-775-8130-0 | ||
| 038 | _aSNS Library Staff. | ||
| 082 |
_a541.37 _bBAG |
||
| 245 |
_aFundamentals of Electrochemistry _cV.S. Bagotskii |
||
| 250 | _a2nd ed. | ||
| 260 |
_aNew York _bWiley _c2005 |
||
| 300 |
_axxvii, 722 p. _bHB |
||
| 440 |
_aFundamentals of Electrochemistry _982488 |
||
| 563 | _aHB. | ||
| 942 |
_2ddc _cBK _e2nd. ed. _k541.37 BAG 2005 |
||
| 999 |
_c586465 _d586465 |
||